000 00859nam a2200205 i 4500
001 85503
003 ES-MaACL
005 20231204173412.0
008 041129s1915 sp |||| | spa d
080 _a327(460:410)"17"
080 _a94(468.2)"17"
100 1 _aJuderías, Julián,
_d1877-1918
_967185
245 1 0 _aGibraltar
_b: apuntes para la historia de la pérdida de esta plaza, de los sitios que le pusieron los españoles y de las negociaciones entre España e Inglaterra referentes a su restitución, 1704-1796 /
_cJulián Juderías Loyot.
260 _aMadrid :
_b[s.n.],
_c1915 (
_fImp. de la "Rev. de Arch., Bibl., Museos")
300 _a44 p. ;
_c24 cm.
651 4 _aEspaña-
_xRelaciones-
_zGran Bretaña.
_9143992
651 4 _aGibraltar-
_xHistoria-
_yS.XVIII.
_9158720
852 _aES-MaACL
_jT-1471-F-9
999 _c85503
_d85503